000 00918nam a2200289Ia 4500
003 OSt
005 20221007122823.0
006 a|||||r|||| 00| 0
007 ta
008 221006b |||||||| |||| 00| 0 eng d
020 _a9780521758857 (pbk)
024 _a189291
037 _bIN1185, 10/02/2014, New India Book Agency
_cTextual
040 _aPAPL
_cPAPL
_beng
041 _2eng
_aeng
082 _aC2110bD, P9-;1 Carpa
100 _aHosford William F
_9714199
245 0 _aMaterials for enginees
260 _aCAmbridge
_bCambridge University
_c2009
300 _axv,278p. ill.
_ccm.
500 _aAppendix 239-274p.; Index 275-278p.
650 _a Material Science
_9429475
650 _a Materials
_9713768
650 _aPhysics
942 _hC2110bD, P9-;1 Carpa
_cTEXL
_2CC
999 _c1210984
_d1210984